00830nam a2200289Ia 4500001000700000003000500007008004100012010001100053040000900064082001100073100003400084245005600118260003200174300001100206440000500217500000500222503001900227650004000246901001100286902000600297910000900303942000600312942000700318999001900325952009800344952009800442Z_3378CHAP220113s1998 xx 000 0 und d a166493 cCHAP a868 M5 aMillás, Juan José9140567 aEl orden alfabético /cpor Juan José Millás aMadrid :bAlfaguara,c1998 a267 p. a a a200982, 200395 aLiteratura española I. t.9140434 a868 M5 aA a1998 c1 cc1 c166493d166493 00102ddc40708GRALaZbZc3d2005-11-09pz_2986r2022-01-18 00:00:00t1w2022-01-18yLIBRO 00102ddc40708GRALaZbZc3d2005-11-09pz_3868r2022-01-18 00:00:00t1w2022-01-18yLIBRO